000 00653nam a2200241Ia 4500
003 OSt
005 20220918191853.0
006 a|||||r|||| 00| 0
007 ta
008 220917b |||||||| |||| 00| 0 eng d
024 _a65,528
037 _cTextual
040 _aARTS
_cARTS
_beng
041 _2eng
_aeng
082 _aQ8682, F9
100 _aBudge E A Wallis
_972039
245 0 _aBandlet of righteousness
_b an Ethiopian book of the dead
260 _c1929
490 _aLuzac's semitic text and translation series; 19
650 _aRELIGION
942 _hQ8682, F9
_cTEXL
_2CC
999 _c191771
_d191771